000 00757cam a2200217 a 4500
020 _a9789995052171
040 _cDLC
082 _a715 CAM 2007 A085 Or.
100 1 _aSedara, Kim.
245 1 0 _aWhere decentralisation meets democracy :
_bcivil society, local government, and accountability in Cambodia /
260 _aPhnom Penh :
_bCambodia Development Resource Institute (CDRI),
_c2007.
300 _av, 55 p. ;
_c30 cm.
490 1 _aCDRI working paper series,
650 0 _aDecentralization in government
650 0 _aDemocracy
650 0 _aCivil society
650 0 _aLocal government
700 1 _aÖjendal, Joakim.
710 2 _aVidyāsthān Paṇṭuḥ Paṇṭāl niṅ Srāvjrāv ṭoempī Qabhivaḍḍhn ̊Kambujā.
942 _cEK
999 _c13845
_d13845